Skúmanie použitia orientovaných Gaussiánov na vylepšenie vzhľadu zašumených dát
Salvato in:
| Autore principale: | |
|---|---|
| Altri autori: | |
| Natura: | Manoscritto Libro |
| Lingua: | slovacco |
| Pubblicazione: |
2025
|
| Soggetti: | |
| Accesso online: | http://is.stuba.sk/zp/portal_zp.pl?podrobnosti=179172 CRZP |
| Tags: |
Nessun Tag, puoi essere il primo ad aggiungerne!!
|
MARC
| LEADER | 00000ntm a22000003a 4500 | ||
|---|---|---|---|
| 001 | stuzp104805 | ||
| 003 | SK-STU | ||
| 005 | 20250724105401.1 | ||
| 007 | ta | ||
| 008 | 150427s2015----xo-----f-mn---000-0-slo-d | ||
| 040 | |a STU |b slo | ||
| 041 | 0 | |a slo | |
| 100 | 1 | |a Holík, Marek |u 010220 |4 aut |U SvF Stavebná fakulta |T SvF Katedra matematiky a deskriptívnej geometrie |X 122913 |U V220 |Y 23 |7 122913 | |
| 242 | 0 | 1 | |a Exploring the use of oriented Gaussians to improve the appearance of noisy data |y eng |
| 245 | 1 | 0 | |a Skúmanie použitia orientovaných Gaussiánov na vylepšenie vzhľadu zašumených dát |
| 260 | |c 2025 | ||
| 650 | 4 | |a Konvolúcia |2 slo | |
| 650 | 4 | |a Spracovanie obrazu |2 slo | |
| 650 | 4 | |a Gaussova funkcia |2 slo | |
| 650 | 4 | |a Convolution |2 eng | |
| 650 | 4 | |a Image processing |2 eng | |
| 650 | 4 | |a Gaussian function |2 eng | |
| 700 | 1 | |a Krivá, Zuzana |u 010220 |k Z1 |4 ths |U SvF Stavebná fakulta |T SvF Katedra matematiky a deskriptívnej geometrie |X 796 |U V220 |Y 23 |7 A000000796 | |
| 856 | 4 | |u http://is.stuba.sk/zp/portal_zp.pl?podrobnosti=179172 | |
| 856 | 4 | |u https://opac.crzp.sk/?fn=detailBiblioForm&sid=12BF14ADF430A4F4BBF556B4236B |z CRZP | |